MARC

LEADER 00000nam0a2200000 4500
001 354279
005 20231102010657.0
035 |a (RuTPU)RU\TPU\retro\11537 
035 |a RU\TPU\retro\11535 
090 |a 354279 
100 |a 20200617d1976 k y0rusy50 ca 
101 0 |a rus 
102 |a RU 
105 |a a z 001zy 
200 1 |a Результаты изучения карбонатных пород-коллекторов Сибирской платформы с применением физических методов исследований  |f Сибирский научно-исследовательский институт геологии, геофизики и минерального сырья (СНИИГГиМС) ; под ред. Г. Н. Перозио 
210 |a Новосибирск  |c Изд-во СНИИГГиМС  |d 1976 
215 |a 114 с.  |c ил. 
225 1 |a Труды Сибирского научно-исследовательского института геологии, геофизики и минерального сырья (СНИИГГиМС)  |v Вып. 233 
320 |a Библиогр. в конце ст. 
606 1 |a Карбонатные коллекторы  |2 stltpush  |3 (RuTPU)RU\TPU\subj\72637  |9 86062 
610 1 |a коллекторские свойства 
610 1 |a карбонатные породы 
610 1 |a литология 
610 1 |a минералогия 
610 1 |a физические свойства 
610 1 |a литогенез 
610 1 |a катагенез 
610 1 |a физические методы 
610 1 |a исследования 
610 1 |a дериватография 
610 1 |a рентгендифракционные спектры 
610 1 |a термолюминесцентный метод 
610 1 |a электронные микроскопы 
610 1 |a спектрографические исследования 
610 1 |a ЭВМ 
675 |a 552.578.2.061.4:552.54  |v 3 
702 1 |a Перозио  |b Г. Н.  |4 340 
712 0 2 |a Сибирский научно-исследовательский институт геологии, геофизики и минерального сырья (СНИИГГиМС)  |c (Новосибирск)  |2 stltpush  |3 (RuTPU)RU\TPU\col\322 
801 1 |a RU  |b 63413507  |c 20150310 
801 2 |a RU  |b 63413507  |c 20220210  |g RCR 
942 |c BK